000 00307nam a2200121Ia 4500
008 240731s9999 xx 000 0 und d
022 _a1469-9478
245 4 _aThe Journal of Forensic Psychiatry
260 _bRoutledge
856 _uhttps://www.tandfonline.com/loi/rjfp19
942 _2ddc
942 _cTFEJ
999 _c79978
_d79978
945 _a1
_bMadushi Gamage
_c1
_dMadushi Gamage